| 000 | 01025nac a22003011i 4500 | ||
|---|---|---|---|
| 003 | EG-ScBUE | ||
| 005 | 20230112115508.0 | ||
| 008 | 230112t1988 nyua f 000 0 eng d | ||
| 020 | _a0486257940 (pbk.) | ||
| 020 | _a9780486257945 | ||
| 040 |
_aEG-ScBUE _beng _erda _cEG-ScBUE _dEG-ScBUE |
||
| 082 | 0 | 4 |
_a748.50222 _bSIB _222 |
| 100 | 1 |
_aSibbett, Ed, _eauthor. |
|
| 245 | 1 | 0 |
_a120 traditional stained glass patterns / _cEd Sibbett, Jr. |
| 264 | 1 |
_aNew York : _bDover, _c[1988] |
|
| 264 | 4 | _cc1988 | |
| 300 |
_a60 pages : _billustrations ; _c28 cm |
||
| 336 |
_2rdacontent _atext _btxt |
||
| 337 |
_2rdamedia _aunmediated _bn |
||
| 338 |
_2rdacarrier _avolume _bnc |
||
| 650 | 7 |
_aGlass craft _xPatterns. _2BUEsh |
|
| 650 | 7 |
_aGlass painting and staining _xPatterns. _2BUEsh |
|
| 653 | _bART | ||
| 655 | _vReading book | ||
| 740 | 0 | _aOne hundred twenty traditional stained glass patterns. | |
| 856 | 4 | 2 |
_3Publisher description _uhttp://www.loc.gov/catdir/enhancements/fy0707/88018036-d.html |
| 942 |
_cBB _2ddc |
||
| 999 |
_c6048 _d6048 |
||